How to get rich throgh OPN (Record no. 342898)

MARC details
000 -LEADER
fixed length control field 005140000a22002170004500
005 - DATE AND TIME OF LATEST TRANSACTION
control field 20120302053441.0
040 ## - CATALOGING SOURCE
Original cataloging agency ENG
100 ## - MAIN ENTRY--PERSONAL NAME
Personal name Field,Selma G.
100 ## - MAIN ENTRY--PERSONAL NAME
Personal name M.Edwin
245 ## - TITLE STATEMENT
Title How to get rich throgh OPN
260 ## - PUBLICATION, DISTRIBUTION, ETC. (IMPRINT)
Place of publication, distribution, etc New York:Parker,1978
300 ## - PHYSICAL DESCRIPTION
Extent 233p
365 ## - TRADE PRICE
Price amount Rs.
650 ## - SUBJECT ADDED ENTRY--TOPICAL TERM
Topical term or geographic name as entry element Economics
650 ## - SUBJECT ADDED ENTRY--TOPICAL TERM
Topical term or geographic name as entry element Economics-Rich Though OPN
650 ## - SUBJECT ADDED ENTRY--TOPICAL TERM
Topical term or geographic name as entry element ABC Guide-OPN Success
650 ## - SUBJECT ADDED ENTRY--TOPICAL TERM
Topical term or geographic name as entry element Incomes Fillings
650 ## - SUBJECT ADDED ENTRY--TOPICAL TERM
Topical term or geographic name as entry element Government-Business
650 ## - SUBJECT ADDED ENTRY--TOPICAL TERM
Topical term or geographic name as entry element Foreign Exchange
942 ## - ADDED ENTRY ELEMENTS (KOHA)
Koha item type Book
Holdings
Withdrawn status Lost status Damaged status Not for loan Home library Current library Date acquired Total Checkouts Barcode Date last seen Price effective from
        Institute For Oriental Study, Thane Institute For Oriental Study, Thane 12/02/2009   IOS-2262 12/02/2009 12/02/2009